Queenie (Record no. 227423)
[ view plain ]
| 000 -LEADER | |
|---|---|
| fixed length control field | 00688nam a22002177a 4500 |
| 005 - DATE AND TIME OF LATEST TRANSACTION | |
| control field | 20260124092700.0 |
| 008 - FIXED-LENGTH DATA ELEMENTS--GENERAL INFORMATION | |
| fixed length control field | 230606b ||||| |||| 00| 0 eng d |
| 020 ## - INTERNATIONAL STANDARD BOOK NUMBER | |
| International Standard Book Number | 9780552577410 |
| 040 ## - CATALOGING SOURCE | |
| Transcribing agency | AL |
| 041 ## - LANGUAGE CODE | |
| Language code of text/sound track or separate title | eng |
| 082 ## - DEWEY DECIMAL CLASSIFICATION NUMBER | |
| Edition number | 23 |
| Classification number | 823.92 |
| Item number | WILQ |
| 100 ## - MAIN ENTRY--PERSONAL NAME | |
| Personal name | Jacqueline Wilson |
| 100 ## - MAIN ENTRY--PERSONAL NAME | |
| 9 (RLIN) | 252516 |
| 245 ## - TITLE STATEMENT | |
| Title | Queenie |
| 260 ## - PUBLICATION, DISTRIBUTION, ETC. | |
| Place of publication, distribution, etc. | Great Britain |
| Name of publisher, distributor, etc. | Corgi Yearling |
| Date of publication, distribution, etc. | 2013 |
| 300 ## - PHYSICAL DESCRIPTION | |
| Extent | vi.409p |
| Other physical details | PB |
| Dimensions | 20x13cm |
| 365 ## - TRADE PRICE | |
| Source of price type code | English |
| Price amount | 716.00 |
| Currency code | ₹ |
| Unit of pricing | 716.00 |
| 520 ## - SUMMARY, ETC. | |
| Summary, etc. | Nan and Elsie both fall ill with tuberculosis, and Elsie finds herself whisked away to the children's ward of the hospital. |
| 650 ## - SUBJECT ADDED ENTRY--TOPICAL TERM | |
| Topical term or geographic name entry element | English Fiction |
| 9 (RLIN) | 120471 |
| 650 ## - SUBJECT ADDED ENTRY--TOPICAL TERM | |
| Topical term or geographic name entry element | English Literature |
| 9 (RLIN) | 120472 |
| 942 ## - ADDED ENTRY ELEMENTS (KOHA) | |
| Source of classification or shelving scheme | Dewey Decimal Classification |
| Koha item type | Donated Books |
| Withdrawn status | Lost status | Source of classification or shelving scheme | Damaged status | Not for loan | Collection code | Home library | Current library | Date acquired | Total Checkouts | Total Renewals | Full call number | Barcode | Date last seen | Date last checked out | Cost, replacement price | Price effective from | Koha item type | Public note |
|---|---|---|---|---|---|---|---|---|---|---|---|---|---|---|---|---|---|---|
| Dewey Decimal Classification | English | St Aloysius Library | St Aloysius Library | 06/01/2023 | 1 | 1 | 823.92 WILQ | D04934 | 01/06/2026 | 12/17/2025 | 716.00 | 06/06/2023 | Donated Books | Donated by Thilak Desingh Used Book Factory |